| 000 | 00512nam a22001697a 4500 | ||
|---|---|---|---|
| 999 |
_c8723 _d8723 |
||
| 008 | 201211b ||||| |||| 00| 0 eng d | ||
| 040 | _aBMS College of Archtecture | ||
| 100 | _aAshok, Manjula | ||
| 245 | _aKalagrama- the artist village | ||
| 300 | _a48p. | ||
| 500 | _a1BM11AT032 | ||
| 502 |
_8B,Arch _NBMS College of Architecture, Visvesvaraya Technological University (VTU) _aProject report _d2015 |
||
| 650 | _aVillage | ||
| 700 |
_aSowmya M _eGuide |
||
| 700 |
_aChaitali Babar _eGuide |
||
| 942 |
_2ddc _cTHE |
||